Score 0/12 Timer 02:00
3 Plays Today
Clue 4-Letter Word % Correct
Coin with Franklin D. RooseveltDIME
92.5%
Best way to get to the center of a Tootsie Roll PopLICK
91.1%
Sit down to a mealDINE
90.6%
Half of a famous whaleMOBY
90.6%
Dot connecterLINE
89.4%
Broadway awardTONY
89.4%
Second half of a famous whaleDICK
87.2%
Cell phone ringTONE
86.3%
Human resources rep at Dunder-Mifflin who Michael hatesTOBY
84.5%
Hero in 'The Legend of Zelda'LINK
84%
Mick Jagger has this on his sideTIME
81%
Very heavy bookTOME
76.1%

Today's Daily Dose

Remove Ads.
Support Sporcle.
Get the best of Sporcle when you Go Orange. This ad-free experience offers more features, more stats, and more fun while also helping to support Sporcle. Thank you for becoming a member.

You're not logged in!

Compare scores with friends on all Sporcle quizzes.
OR
Log In

Show Comments

Extras

Top Quizzes Today


Score Distribution

Your Account Isn't Verified!

In order to create a playlist on Sporcle, you need to verify the email address you used during registration. Go to your Sporcle Settings to finish the process.

Report this User

Report this user for behavior that violates our Community Guidelines.

Details: